000 01124nam0a22002531 4500
001 rc\767331
005 20260406194711.0
035 _a(NLR Aleph) 006294358
090 _a7183904
_c7183904
100 _a20040301d1985 |||y0rusy50 ca
101 0 _arus
102 _aRU
105 _ay |||||||||
200 1 _aФормирование творческой активности у курсантов анестезиологов-реаниматоров
_eМетод. рекомендации
_fКиев. ин-т усоверш. врачей, Ворошиловгр. мед. ин-т
_g[Сост. А.И. Трещинский и др.]
210 _aКиев
_aВорошиловград
_cБ. и.
_d1985
215 _a23 с.
_d20
320 _aБиблиогр. в конце кн. (8 назв.)
702 1 _aТрещинский
_bА.И.
_gАнатолий Иванович
_4220
712 0 2 _aКиевский институт усовершенствования врачей
_3RU\NLR\AUTH\889957857
_9411778
801 0 _aRU
_bNLR
_gpsbo
801 1 _aRU
_bELAR
_2rusmarc
852 _aNLR
_j85-4/28147
942 _cBOOK
980 _aNB